00564nam a2200193 a 4500001001300000003000900013005001700022008004100039020001000080082002200090100002200112245006500134260004800199300000900247500003500256505003900291650001800330700002200348nice12345678IN_TiNIC20260116014829.0050524s1998 dela grp 000 0 eng  ac25000a305.6297054bQUR1 aQureshi, M Hashim aMuslims in India Since Indipendenceb a Regional Prespective aDelhibInstitute of Objective Studiesc1998 a251p aincludes index and biblioraphy2 aRefrences, Acknowledgements, Index aMuslims-India1 aQureshi, M Hashim